Con La Miel En Los Labios - Aitana - Estadísticas

Estadísticas generales
  • Esta prueba ha sido intentada 80 veces
  • La puntuación promedio es 178 de 227
Estadísticas de respuestas
Letra % Correcto
a
100%
A
100%
en
96%
las
96%
lo
96%
los
96%
no
96%
No
96%
y
96%
Y
96%
de
92%
De
92%
la
92%
labios
92%
Nos
92%
nos
92%
Con
88%
Me
88%
me
88%
miel
88%
el
83%
El
83%
por
83%
se
83%
83%
sin
83%
aquí
79%
del
79%
lluvia
79%
manos
79%
sentir
79%
Sentir
79%
comimos
75%
Cualquier
75%
día
75%
llaves
75%
luna
75%
Madrid
75%
Te
75%
un
75%
vuelve
75%
al
71%
bocados
71%
cada
71%
domingos
71%
lloramos
71%
ni
71%
pusiste
71%
reímos
71%
resaca
71%
ahí
67%
alma
67%
así
67%
beso
67%
brazos
67%
calle
67%
despeinarnos
67%
estás
67%
Fue
67%
gané
67%
huir
67%
nada
67%
pasado
67%
pecado
67%
pedazos
67%
perdimos
67%
que
67%
robado
67%
rompimos
67%
taxi
67%
temblar
67%
vieron
67%
yo
67%
años
63%
asalto
63%
borrar
63%
casa
63%
digas
63%
Disfrutamos
63%
Donde
63%
dormimos
63%
fin
63%
mensajes
63%
niego
63%
sabes
63%
solo
63%
vergüenza
63%
ya
63%
acaba
58%
cambia
58%
esto
58%
extingue
58%
fondo
58%
fuego
58%
porqué
58%
Prender
58%
pude
58%
reclaman
58%
recuérdame
58%
revés
58%
tan
58%
nunca
54%
sirve
54%
heridas
50%
respuestas
50%
Desmontamos
46%
encontramos
42%
Escondimos
38%
No se encontraron pruebas coincidentes
Distribución de puntuación
Porcentaje de gente con cada puntuación
Porcentaje por número respondido
Historial de tus puntuaciones
No has intentado esta prueba.